LEADER 01610nam 2200457 a 450 001 996248042003316 005 20220725224711.0 010 $z081530479X 035 $a(dli)HEB04257 035 $a(CKB)1000000000397820 035 $a(EXLCZ)991000000000397820 100 $a19910606d1991 uy 0 101 0 $aeng 135 $aurmnummmmuuuu 200 10$aPaul de Cassagnac and the authoritarian tradition in nineteenth-century France$b[electronic resource] /$fKaren Offen 210 $aNew York $cGarland Pub.$d1991 215 $axi, 385 p. $cill. ;$d24 cm 225 0$aModern European history.$pFrance 300 $aRevision of thesis (Ph.D.)--Stanford University. 320 $aIncludes bibliographical references (p. [235]-375) and index. 410 0$aACLS Humanities E-Book. 531 $aPAUL DE CASSAGNAC & THE AUTHORITARIAN TRADITION IN NINETEENTH-CENTURY FRANCE 606 $aConservatism$zFrance$xHistory$y19th century 606 $aRoyalists$zFrance$vBiography 606 $aLegislators$zFrance$vBiography 606 $aJournalists$zFrance$vBiography 607 $aFrance$xPolitics and government$y19th century 615 0$aConservatism$xHistory 615 0$aRoyalists 615 0$aLegislators 615 0$aJournalists 676 $a944.08/092 676 $aB 700 $aOffen$b Karen M$01021029 712 02$aAmerican Council of Learned Societies. 801 0$bMiU 801 1$bMiU 906 $aBOOK 912 $a996248042003316 996 $aPaul de Cassagnac and the authoritarian tradition in nineteenth-century France$92900898 997 $aUNISA